[Event "San Pedro de Macoris zt"]
[Site "San Pedro de Macoris"]
[Date "2021.11.08"]
[Round "1"]
[White "Moncion Ventura, Angel Luis"]
[Black "Camacho Campusano, David Daniel"]
[Result "0-1"]
[WhiteElo "1949"]
[BlackElo "2183"]
[PlyCount "90"]
[EventDate "2021.11.08"]
[EventType "swiss"]
[EventRounds "9"]
[EventCountry "DOM"]
[SourceTitle "EXT 2023"]
[Source "ChessBase"]
[SourceDate "2022.10.05"]
[SourceVersion "1"]
[SourceVersionDate "2022.10.05"]
[SourceQuality "1"]

1. d4 Nf6 2. Bf4 d5 3. Nc3 Bf5 4. f3 e6 5. g4 Bg6 6. h4 h5 7. g5 Nfd7 8. e4 dxe4 9. fxe4 Bb4 10. Bd3 c5 11. d5 exd5 12. exd5 Qe7+ 13. Nge2 Bxc3+ 14. bxc3 0-0 15. Bxg6 fxg6 16. 0-0 Ne5 17. Bxe5 Rxf1+ 18. Qxf1 Qxe5 19. Nf4 Nd7 20. Nxg6 Qe4 21. Qd3 Qg4+ 22. Kf2 Re8 23. Re1 Rxe1 24. Kxe1 Kf7 25. Nh8+ Kg8 26. Ng6 Kf7 27. Nh8+ Ke7 28. Ng6+ Kd6 29. c4 Nb6 30. Qe3 Nxc4 31. Qe7+ Kxd5 32. Qxb7+ Kd6 33. Qa6+ Kd5 34. Qb7+ Kd6 35. Qe7+ Kc6 36. Qe8+ Kb6 37. Qd8+ Ka6 38. Qd3 Kb6 39. Qb3+ Kc7 40. Qd3 Qg1+ 41. Ke2 Qh2+ 42. Ke1 Qg1+ 43. Ke2 Qg4+ 44. Kf2 Nd6 45. Qg3 Qf5+ 0-1

[Event "Santiago de los Caballeros op"]
[Site "Santiago de los Caballeros"]
[Date "2015.11.09"]
[Round "5"]
[White "Moncion Ventura, Angel Luis"]
[Black "Torres Corsino, Guillermo"]
[Result "1-0"]
[WhiteElo "1958"]
[BlackElo "1774"]
[PlyCount "33"]
[EventDate "2015.11.06"]
[EventType "swiss"]
[EventRounds "6"]
[EventCountry "DOM"]
[SourceTitle "CBM 169 Extra"]
[Source "ChessBase"]
[SourceDate "2015.12.18"]
[SourceVersion "1"]
[SourceVersionDate "2015.12.18"]
[SourceQuality "1"]

1. e4 c5 2. Nf3 Nc6 3. d4 cxd4 4. c3 dxc3 5. Nxc3 d6 6. Bc4 Nf6 7. 0-0 a6 8. h3 e6 9. Qe2 Be7 10. Rd1 Qc7 11. Bf4 0-0 12. Rac1 Bd7 13. Nd5 exd5 14. exd5 Qd8 15. dxc6 Bxc6 16. Ne5 Rc8 17. Bb3 1-0

[Event "DOM-ch"]
[Site "Santo Domingo"]
[Date "2015.05.01"]
[Round "1"]
[White "Moncion Ventura, Angel Luis"]
[Black "De Los Santos Nunez, Eddy"]
[Result "1/2-1/2"]
[WhiteElo "1950"]
[BlackElo "2103"]
[PlyCount "20"]
[EventDate "2015.05.01"]
[EventType "swiss"]
[EventRounds "11"]
[EventCountry "DOM"]
[SourceTitle "CBM 166 Extra"]
[Source "ChessBase"]
[SourceDate "2015.06.18"]
[SourceVersion "1"]
[SourceVersionDate "2015.06.18"]
[SourceQuality "1"]

1. d4 Nf6 2. c4 e6 3. Nc3 Bb4 4. Qc2 c5 5. e3 Nc6 6. Nf3 0-0 7. Bd3 d5 8. cxd5 exd5 9. 0-0 Bg4 10. Ne5 Be6 1/2-1/2